एक हरा भरा अकाल / (Record no. 118379)
[ view plain ]
| 000 -LEADER | |
|---|---|
| fixed length control field | 01142nam a22002657a 4500 |
| 005 - DATE AND TIME OF LATEST TRANSACTION | |
| control field | 20170124103111.0 |
| 010 ## - LIBRARY OF CONGRESS CONTROL NUMBER | |
| LC control number | A-973081 |
| 020 ## - INTERNATIONAL STANDARD BOOK NUMBER | |
| Terms of availability | 200.00 |
| International Standard Book Number | 8170556376 |
| 035 ## - SYSTEM CONTROL NUMBER | |
| System control number | A-973081 |
| 037 ## - SOURCE OF ACQUISITION | |
| Source of stock number/acquisition | Cen Lib/Ret |
| 040 ## - CATALOGING SOURCE | |
| Original cataloging agency | DPL |
| Language of cataloging | HN |
| 082 ## - DEWEY DECIMAL CLASSIFICATION NUMBER | |
| Classification number | 363.34 |
| Item number | तोमर |
| 100 ## - MAIN ENTRY--PERSONAL NAME | |
| Personal name | तोमर, आलोक |
| 9 (RLIN) | 79823 |
| 245 ## - TITLE STATEMENT | |
| Title | एक हरा भरा अकाल / |
| Statement of responsibility, etc | आलोक तोमर |
| 246 ## - VARYING FORM OF TITLE | |
| Title proper/short title | Ek hara bhara akaal / |
| Remainder of title | by Alok Tomer |
| 260 ## - PUBLICATION, DISTRIBUTION, ETC. (IMPRINT) | |
| Place of publication, distribution, etc | नयी दिल्ली |
| Name of publisher, distributor, etc | वाणी प्रकाशन |
| Date of publication, distribution, etc | 1999 |
| 270 ## - ADDRESS | |
| Address | 21 ए दरियागंज |
| City | नयी दिल्ली |
| Postal code | 110002 |
| 300 ## - PHYSICAL DESCRIPTION | |
| Extent | 234पृ. |
| Dimensions | 21सेमी (सजिल्द) |
| 500 ## - GENERAL NOTE | |
| General note | परिशिष्ट शामिल |
| 650 ## - SUBJECT ADDED ENTRY--TOPICAL TERM | |
| Topical term or geographic name as entry element | अकाल - भारत - कालाहांडी (जिला) |
| 9 (RLIN) | 79824 |
| 650 ## - SUBJECT ADDED ENTRY--TOPICAL TERM | |
| Topical term or geographic name as entry element | गरीबी - भारत - कालाहांडी (जिला) |
| 9 (RLIN) | 79825 |
| 650 ## - SUBJECT ADDED ENTRY--TOPICAL TERM | |
| Topical term or geographic name as entry element | Famines -- India -- Kalahandi (District) |
| 9 (RLIN) | 79826 |
| 650 ## - SUBJECT ADDED ENTRY--TOPICAL TERM | |
| Topical term or geographic name as entry element | Poverty -- India -- Kalahandi (District) |
| 9 (RLIN) | 79827 |
| 942 ## - ADDED ENTRY ELEMENTS (KOHA) | |
| Source of classification or shelving scheme | Dewey Decimal Classification |
| Koha item type | Hindi Books |
| Classification part | 363.34 |
| Call number suffix | तोमर |
| Withdrawn status | Lost status | Damaged status | Not for loan | Home library | Current library | Date acquired | Source of acquisition | Cost, normal purchase price | Total Checkouts | Full call number | Barcode | Date last seen | Copy number | Cost, replacement price | Price effective from | Koha item type |
|---|---|---|---|---|---|---|---|---|---|---|---|---|---|---|---|---|
| Central Library | Central Library | 11/09/2015 | Cen Lib/Ret | 200.00 | 363.34 तोमर | A-973081 | 11/09/2015 | 1 | 200.00 | 11/09/2015 | Hindi Books |
